书目信息 |
| 题名: |
德国一本就GO!
|
|
| 作者: | ;一本就GO编辑部 编著 | |
| 分册: | ||
| 出版信息: | 桂林 广西师范大学出版社 2011 |
|
| 页数: | 208页 | |
| 开本: | 22cm | |
| 丛书名: | ||
| 单 册: | ||
| 中图分类: | K951.69 | |
| 科图分类: | ||
| 主题词: | 导游--德国 | |
| 电子资源: | ||
| ISBN: | 978-7-5495-0211-0 | |
| 000 | 00767nam0 2200241 450 | |
| 001 | 012015000603 | |
| 005 | 20150915084742.23 | |
| 010 | @a978-7-5495-0211-0@dCNY48.00 | |
| 100 | @a20150620d2011 em y0chiy50 ea | |
| 101 | 0 | @achi |
| 102 | @aCN@b450000 | |
| 105 | @aa z 001yy | |
| 106 | @ar | |
| 200 | 1 | @a德国一本就GO!@ADe Guo Yi Ben JiuGO!@e2013-2014最新全彩版@f《一本就GO》编辑部编著 |
| 210 | @a桂林@c广西师范大学出版社@d2011 | |
| 215 | @a208页@c彩图@d22cm | |
| 300 | @a一本就GO! | |
| 330 | @a本书介绍了柏林、慕尼黑、法兰克福、汉堡、德国其他地区等英国各大城市的著名景点。 | |
| 606 | 0 | @a导游@y德国 |
| 690 | @aK951.69@v5 | |
| 711 | 02 | @a一本就GO编辑部@AYi Ben JiuGO Bian Ji Bu@4编著 |
| 801 | 0 | @aCN@b碧洲教育@c20150718 |
| 905 | @a10447@f4@dK951.69@e358 | |
| 德国一本就GO!:2013-2014最新全彩版/《一本就GO》编辑部编著.-桂林:广西师范大学出版社,2011 |
| 208页:彩图;22cm |
| 一本就GO! |
| ISBN 978-7-5495-0211-0:CNY48.00 |
| 本书介绍了柏林、慕尼黑、法兰克福、汉堡、德国其他地区等英国各大城市的著名景点。 |
| ● |
| 相关链接 |
|
|
|
|
正题名:德国一本就GO!
索取号:K951.69/358
 
预约/预借
| 序号 | 登录号 | 条形码 | 馆藏地/架位号 | 状态 | 备注 |
| 1 | 0848746 | 208487467 | 第二样本阅览室/ [索取号:K951.69/358] | 在馆 | |
| 2 | 0848747 | 208487476 | 第二借阅区/ [索取号:K951.69/358] | 在馆 | |
| 3 | 0848748 | 208487485 | 第二借阅区/ [索取号:K951.69/358] | 在馆 | |
| 4 | 0848749 | 208487494 | 第二借阅区/ [索取号:K951.69/358] | 在馆 |